|
|
|
|
| LEADER |
01089nam a22003017a 4500 |
| 001 |
37760 |
| 003 |
BD-DhAAL |
| 008 |
220220t1994 iaua|||| |||| 001 0 eng d |
| 999 |
|
|
|c 43535
|d 43535
|
| 020 |
|
|
|a 0697239314
|
| 020 |
|
|
|a 9780697239310
|
| 040 |
|
|
|a BD-DhAAL
|
| 082 |
|
|
|a 370.15
|
| 245 |
|
|
|a Reader in psychology and education.
|
| 260 |
|
|
|a Dubuque, Iowa :
|b Brown & Benchmark Publishers,
|c 1994.
|
| 300 |
|
|
|a 694 pages ;
|c 28 cm.
|
| 504 |
|
|
|a Includes bibliographical references.
|
| 526 |
|
|
|a BIED
|
| 541 |
|
|
|a Complimentary copy from BIED
|e 37760
|
| 650 |
|
|
|a Educational psychology.
|9 45900
|
| 650 |
|
|
|a School psychology.
|9 45901
|
| 650 |
|
|
|a Child psychology.
|9 45896
|
| 650 |
|
|
|a School failure
|x Prevention.
|9 45897
|
| 650 |
|
|
|a Education.
|9 45898
|
| 650 |
|
|
|a Psychology.
|9 45899
|
| 852 |
|
|
|a Ayesha Abed Library
|c BIED Collection
|
| 942 |
|
|
|2 ddc
|c BK
|
| 952 |
|
|
|0 0
|1 0
|2 ddc
|4 0
|6 370_150000000000000_REA
|7 0
|9 69833
|a BRACUL
|b BRACUL
|c GEN
|d 2022-02-20
|e Complimentary copy from BIED
|l 0
|o 370.15 REA
|p 3010037760
|r 2022-02-20
|t 1
|w 2022-02-20
|y BK
|x Transferred from BIED to General Stacks
|